000 00366cam a2200145ua 4500
041 _aeng
_h
082 _a823.308
_bCUM/NO
100 _aCumming, Primrose .
245 _aNo place for ponies /
_cPrimrose Cumming.
_hTextual Documents
260 _aLondon :
_bJ M Dent and Sons Ltd ,
_c1963.
300 _a216 ; .
504 _a
942 _cBK
999 _c4995
_d4995